5HLuxD.jpg

KING HENRY VIII SENIOR AND PRIMARY SCHOOL LIBRARY OPAC

Elmer and the lost teddy / (Record no. 2209)

000 -LEADER
fixed length control field 00636cam a2200229 i 4500
001 - CONTROL NUMBER
control field 000804743
003 - CONTROL NUMBER IDENTIFIER
control field OSt
005 - DATE AND TIME OF LATEST TRANSACTION
control field 20230328110043.0
008 - FIXED-LENGTH DATA ELEMENTS--GENERAL INFORMATION
fixed length control field 161011r20081999xxka cd 000 u eng d
020 ## - INTERNATIONAL STANDARD BOOK NUMBER
International Standard Book Number 9781842707494
Qualifying information pbk. :
040 ## - CATALOGING SOURCE
Original cataloging agency NTL
Language of cataloging eng
Transcribing agency NTL
Description conventions aacr2
Modifying agency KH8
042 ## - AUTHENTICATION CODE
Authentication code nbic
082 0# - DEWEY DECIMAL CLASSIFICATION NUMBER
Classification number 823.914 MCK
100 1# - MAIN ENTRY--PERSONAL NAME
Personal name McKee, David.
Relator term author
245 10 - TITLE STATEMENT
Title Elmer and the lost teddy /
Statement of responsibility, etc. David McKee.
260 ## - PUBLICATION, DISTRIBUTION, ETC.
Place of publication, distribution, etc. London :
Name of publisher, distributor, etc. Andersen Press,
Date of publication, distribution, etc. c2008.
300 ## - PHYSICAL DESCRIPTION
Extent 1 v. (unpaged) :
Other physical details col. ill. ;
Dimensions 27 cm.
650 #0 - SUBJECT ADDED ENTRY--TOPICAL TERM
Topical term or geographic name entry element Elmer (Fictitious character : McKee)
650 #0 - SUBJECT ADDED ENTRY--TOPICAL TERM
Topical term or geographic name entry element Teddy bears.
650 #0 - SUBJECT ADDED ENTRY--TOPICAL TERM
Topical term or geographic name entry element Big books.
942 ## - ADDED ENTRY ELEMENTS (KOHA)
Source of classification or shelving scheme
Koha item type Books - Non Ficton
Holdings
Withdrawn status Lost status Source of classification or shelving scheme Damaged status Not for loan Collection code Permanent Location Current Location Shelving location Date acquired Total Checkouts Full call number Barcode Date last seen Date last checked out Price effective from Koha item type
          Non-Fiction KH8 Primary School Library KH8 Primary School Library Non Fiction 2023-03-28 24 823.914 MCK KHPL000003955 2026-03-02 2026-02-23 2023-03-28 Books - Non Ficton

Powered By KH8 IT Dept